000 00410nam a22001697a 4500
999 _c7897
_d7897
003 GBCCL
005 20241126110639.0
008 181109b ||||| |||| 00| 0 eng d
040 _cGBC
082 _aVER 253.2092
_bZAM
100 _aZamgin
_913772
245 _aKa hinkhua :
_bmy diary
260 _aLamka :
_bG Khamzamuan,
_c2006
300 _a66p, ;
650 _aPastors
_vbiography
_97307
942 _2ddc
_cBK